| 000 | 00806cam a22002174a 4500 | ||
|---|---|---|---|
| 005 | 20250605164153.0 | ||
| 008 | 250528s ||||||||||||||||||||||||d | ||
| 035 | _a19447 | ||
| 020 | _a435510363 | ||
| 040 |
_aGR-AtMCL _bgre _dGR-AtMCL _eAACR2 |
||
| 245 | 1 | _aADVANCED LEVEL VECTORS | |
| 250 | _a2 | ||
| 260 |
_bH.E.B, _c1973 |
||
| 300 | _a152 | ||
| 505 | 0 | _aTHE NATURE OF VECTORS AND SCALARS SPECIFICATION OF VECTORS IN COMPONENTS RELATIVE VECTORS VECTOR EQUATION OF A STRAIGHT LINE WORKED EXAMPLES SCALAR PRODUCTS OF VECTORS | |
| 520 | _aTHE NATURE OF VECTORS AND SCALARS SPECIFICATION OF VECTORS IN COMPONENTS RELATIVE VECTORS VECTOR EQUATION OF A STRAIGHT LINE WORKED EXAMPLES SCALAR PRODUCTS OF VECTORS | ||
| 700 | 1 |
_aArmit A.P. _95700 |
|
| 942 | _cBK | ||
| 999 |
_c4703 _d4703 |
||